• 首页
  • 本馆介绍
  • 公告通知
  • 最新文献
  • 馆藏检索
  • 电子资源
  • 读者导购
  • 参考咨询
  • 我的图书馆
  • 登录
  • 详细信息显示
  • 放入我的书架
  • 预约/预借图书
  • 作者相关作品
  • 分类相关作品
  • 丛书相关作品
  • 出版社相关作品

书目信息

  • 表格格式
  • 工作单格式
  • 卡片格式
题名:
世界各国学制资料汇编
    
 
作者: 张树森 编译
分册:  
出版信息:   北京工业大学工业教育研究室出版  
页数: 75页
开本: 26cm
丛书名:
单 册:
中图分类: G512
科图分类:
主题词: 教育事业--世界
电子资源:
ISBN:
000 00528nam0 2200181 450
001 0634821875
005 20060721094220.15
010    @dCNY0.50
100    @a20060721d km y0chiy0120 ea
101 0  @achi
200 1  @a世界各国学制资料汇编@Ashi jie ge guo xue zhi zi liao hui bian@f张树森编译@Fzhang shu sen bian yi
210    @c北京工业大学工业教育研究室出版
215    @a75页@d26cm
606 0  @a教育事业@x世界
690    @aG512@v3
701  0 @a张树森@Azhang shu sen@4编译
801  0 @aCN@bPFT@c20060721
905    @a10447@dG512@e41
    
    世界各国学制资料汇编/张树森编译.-北京工业大学工业教育研究室出版
    75页;26cm
    
    
    ISBN :CNY0.50
    
●
相关链接 在E读中查询图书 在五车中查询图书 在当当中查询图书 在豆瓣中查询图书


正题名:世界各国学制资料汇编     索取号:G512/41         预约/预借

序号 登录号 条形码 馆藏地/架位号 状态 备注
1 0425217   204252174   密集书库/ [索取号:G512/41] 在馆    
2 0425218   204252183   密集书库/ [索取号:G512/41] 在馆    
3 0425219   204252192   密集书库/ [索取号:G512/41] 在馆    
4 0425223   204252236   密集书库/ [索取号:G512/41] 在馆    
5 0425224   204252245   密集书库/ [索取号:G512/41] 在馆    
唐山师范学院图书馆 欢迎您!
大连网信软件有限公司© 版权所有